Tout connaitre Encyclopédie en couleurs. Vol.4

Bewaard in:
Bibliografische gegevens
Formaat: Boek
Taal:Undetermined
Gepubliceerd in: Paris Vita Meravigliosa
Onderwerpen:
Tags: Voeg label toe
Geen labels, Wees de eerste die dit record labelt!
Thư viện lưu trữ: Trung tâm Học liệu Trường Đại học Cần Thơ
LEADER 00444nam a2200157Ia 4500
001 CTU_25720
008 210402s9999 xx 000 0 und d
082 |a 034 
082 |b T736/Vol.4 
245 0 |a Tout connaitre 
245 0 |b Encyclopédie en couleurs. Vol.4 
260 |a Paris 
260 |b Vita Meravigliosa 
650 |a encyclopedias and dictionaries 
904 |i Minh, 980929 
980 |a Trung tâm Học liệu Trường Đại học Cần Thơ